| 000 | 00564nam a2200217 a 4500 | ||
|---|---|---|---|
| 001 | BRL_80 | ||
| 005 | 20190320210558.0 | ||
| 008 | 740503s1972 gw-#######---#000-0#ger-# | ||
| 040 |
_aDLC _cNIC _dDLC |
||
| 041 | _ager | ||
| 044 | _agw | ||
| 050 | 4 |
_aPT2662 _b.B78 1972 |
|
| 100 | 1 |
_aBruyn, Günter de _922849 |
|
| 245 | 1 | 0 |
_aPreisverleihung _bRoman _cGünter de Bruyn. |
| 260 |
_aAlemania _bMitteldeutscher Verlag Halle _c1972 |
||
| 300 |
_a166 p. _c20 cm. |
||
| 500 | _aIncluye dedicatoria a Ruth Lechuga | ||
| 500 | _aAu124 | ||
| 902 | _aGRL | ||
| 942 |
_2lcc _cB |
||
| 999 |
_c8893 _d8893 |
||